00501nam a2200205Ia 4500008004100000020001800041050001400059100001900073245002400092245005000116260001500166260001600181260000900197300001600206300002700222300001000249440002200259440000600281500000800287170918s9999 xx 000 0 und d a9780439319515 bB146 2001 aBaglio, Ben M. aChasing the dream / cBen M. Baglio ; illustrated by Judith Lawton. aNew York : bScholastic, c2001 a153 pages : bcolored illustration ; c19cm. aDolphin diaries ; v5 a740